[Event "Hamburg St Pauli op-B"]
[Site "Hamburg"]
[Date "2011.07.11"]
[Round "4"]
[White "Bormann, Jens"]
[Black "Kopylov, Daniel"]
[Result "1/2-1/2"]
[WhiteElo "1648"]
[BlackElo "1052"]
[PlyCount "52"]
[EventDate "2011.07.09"]
[EventType "swiss"]
[EventRounds "9"]
[EventCountry "GER"]
[SourceTitle "CBM 143 Extra"]
[Source "ChessBase"]
[SourceDate "2011.08.29"]
[SourceVersion "1"]
[SourceVersionDate "2011.08.29"]
[SourceQuality "1"]

1. Nf3 Nf6 2. g3 d5 3. Bg2 Bf5 4. d3 e6 5. 0-0 Be7 6. Nbd2 h6 7. Qe1 c6 8. e4 Bh7 9. e5 Nfd7 10. Nb3 0-0 11. Qe2 Nb6 12. a4 a5 13. Bd2 Nc8 14. Be3 Nd7 15. c3 Qc7 16. d4 Ncb6 17. Rfc1 Nc4 18. Nc5 Nxc5 19. dxc5 Nxe5 20. Bf4 Nxf3+ 21. Bxf3 Qd7 22. Be3 Rfd8 23. Bg4 Be4 24. f3 Bg6 25. Bd4 Bg5 26. f4 Be7 1/2-1/2

[Event "Hamburg St Pauli op-B"]
[Site "Hamburg"]
[Date "2011.07.11"]
[Round "3"]
[White "Meyer, Stefan1111"]
[Black "Bormann, Jens"]
[Result "1-0"]
[WhiteElo "1784"]
[BlackElo "1648"]
[PlyCount "95"]
[EventDate "2011.07.09"]
[EventType "swiss"]
[EventRounds "9"]
[EventCountry "GER"]
[SourceTitle "CBM 143 Extra"]
[Source "ChessBase"]
[SourceDate "2011.08.29"]
[SourceVersion "1"]
[SourceVersionDate "2011.08.29"]
[SourceQuality "1"]

1. f4 Nf6 2. Nf3 d6 3. g3 g6 4. Bg2 Bg7 5. 0-0 0-0 6. d3 Nbd7 7. Nh4 e5 8. f5 c6 9. e4 a5 10. Kh1 Nc5 11. Qe1 Nfd7 12. Nc3 b5 13. Ne2 Bb7 14. Ng1 g5 15. f6 Bxf6 16. Nf5 Be7 17. h4 Ne6 18. hxg5 d5 19. Nxe7+ Qxe7 20. Nh3 Kh8 21. Qf2 f6 22. gxf6 Rxf6 23. Qe1 Rxf1+ 24. Qxf1 Rf8 25. Qe1 b4 26. Be3 d4 27. Bd2 c5 28. a3 Ba6 29. axb4 c4 30. Rxa5 cxd3 31. Rxa6 dxc2 32. Rc6 d3 33. Bf1 Nd4 34. Bg5 Qf7 35. Rc7 Qxf1+ 36. Qxf1 Rxf1+ 37. Kg2 Rf7 38. Bh6 Ne6 39. Rc6 Rf6 40. Rc8+ Rf8 41. Bxf8 Ndxf8 42. Nf2 Kg7 43. Nxd3 Nd4 44. Nxe5 Nfe6 45. Nf3 Kf6 46. Nxd4 Nxd4 47. Kf2 Ke5 48. Ke3 1-0